| 000 | 00898nmc a2200349 a 4500 | ||
|---|---|---|---|
| 003 | AR-BaBNM | ||
| 005 | 20251128210838.0 | ||
| 008 | 201020s1996 ||||||||||||||000 | spa|| | ||
| 020 | _a987-9065-20-4 | ||
| 040 | _cAR-BaBNM | ||
| 100 | 1 | _aBerenstein, Marcelo | |
| 245 | 1 | 0 | _aSai Baba para principiantes |
| 260 |
_aBuenos Aires _bErrepar _c1996 |
||
| 300 | 0 |
_a176 p. _bil. |
|
| 490 | 0 |
_aPara principiantes _vv. 12 |
|
| 500 | 0 | _aContiene breve glosario | |
| 600 | 0 | 4 |
_aSri Sai Baba _d1836-1918 |
| 650 | 4 | _aBIOGRAFIAS | |
| 650 | 4 | _aDIVULGACION | |
| 650 | 4 | _aVALORES MORALES | |
| 650 | 4 | _aETICA | |
| 650 | 4 | _aMISTICISMO | |
| 650 | 4 | _aRELIGION | |
| 650 | 4 | _aESPIRITUALISMO | |
| 650 | 4 | _aHINDUISMO | |
| 653 | 0 | _aHISTORIETAS | |
| 655 | _aBIOGRAFIAS | ||
| 700 | 1 |
_aScenna, Miguel Angel _eilustrador |
|
| 800 | 1 |
_aKreimer, Juan Carlos _edirector |
|
| 942 | _cBK | ||
| 998 | _cMARTIN | ||
| 999 |
_c17165 _d17165 |
||